[Event "GER-ch Seniors-A 17th"]
[Site "Essen"]
[Date "2005.08.23"]
[Round "4"]
[White "Radeker, Bernd"]
[Black "Semmler, Guenter"]
[Result "1-0"]
[WhiteElo "2218"]
[BlackElo "2043"]
[PlyCount "67"]
[EventDate "2005.08.20"]
[EventType "swiss"]
[EventRounds "9"]
[EventCountry "GER"]
[SourceTitle "CBM 108 Extra"]
[Source "ChessBase"]
[SourceDate "2005.11.04"]
[SourceVersion "1"]
[SourceVersionDate "2005.11.04"]
[SourceQuality "1"]

1. d4 d5 2. c4 e6 3. Nc3 Nf6 4. Bg5 Be7 5. cxd5 exd5 6. e3 c6 7. Qc2 Ne4 8. Bxe7 Qxe7 9. Nxd5 cxd5 10. Qxc8+ Qd8 11. Bb5+ Nc6 12. Bxc6+ bxc6 13. Qxc6+ Kf8 14. Ne2 Rb8 15. 0-0 g6 16. Nf4 Nf6 17. b3 Kg7 18. Rfc1 g5 19. Nd3 Re8 20. Ne5 Qe7 21. Qc7 Rb7 22. Qa5 Qe6 23. Rc6 Qf5 24. f3 h5 25. Rf1 Re6 26. Qa6 Rbe7 27. Rxe6 Qxe6 28. Qxe6 Rxe6 29. Rc1 Re7 30. Rc5 Rb7 31. Kf2 Kf8 32. Ke2 Ke7 33. Ra5 Rc7 34. Rxa7 1-0